header

Reconciliation road (Record no. 135533)

MARC details
000 -LEADER
fixed length control field 01461nam a2200361 a 4500
082 04 - DEWEY DECIMAL CLASSIFICATION NUMBER
Classification number 959.704/3373
100 1# - MAIN ENTRY--AUTHOR NAME
Personal name Marshall, John Douglas.
245 10 - TITLE STATEMENT
Title Reconciliation road
250 ## - EDITION STATEMENT
Edition statement 1st University of Washington Press ed.
260 ## - PUBLICATION, DISTRIBUTION, ETC. (IMPRINT)
Place of publication Seattle, Wash. :
Name of publisher University of Washington Press,
Year of publication 2000.
300 ## - PHYSICAL DESCRIPTION
Number of Pages xiii, 300 p. :
Other physical details ill.
650 #0 - SUBJECT ADDED ENTRY--TOPICAL TERM
Topical Term Vietnam War, 1961-1975
Topical Term Vietnam War, 1961-1975
856 40 - ELECTRONIC LOCATION AND ACCESS
Uniform Resource Identifier http://site.ebrary.com/lib/rucke/Doc?id=10442198

No items available.

© 2026 Rongo University
Contact us: librarian | system librarian | Rongo university